[Event "Sebes Romanian Rapid op"]
[Site "Sebes"]
[Date "2022.12.02"]
[Round "2"]
[White "Cosma, Elena Luminita"]
[Black "Saioc, David"]
[Result "1-0"]
[WhiteElo "2244"]
[BlackElo "2014"]
[PlyCount "29"]
[EventDate "2022.12.02"]
[EventType "swiss (rapid)"]
[EventRounds "8"]
[EventCountry "ROU"]
[SourceTitle "CBM 211 Extra"]
[Source "ChessBase"]
[SourceDate "2023.01.31"]
[SourceVersion "1"]
[SourceVersionDate "2023.01.31"]
[SourceQuality "1"]

1. d4 d5 2. c4 c6 3. cxd5 cxd5 4. Bf4 Bf5 5. Nc3 Nc6 6. e3 e6 7. Qb3 Qd7 8. Bb5 a6 9. Bxc6 Qxc6 10. Nf3 b5 11. 0-0 Nf6 12. Rfc1 Qc4 13. Ne5 Qxb3 14. axb3 b4 15. Nb5 1-0

[Event "Sebes Romanian Rapid op"]
[Site "Sebes"]
[Date "2022.12.02"]
[Round "4"]
[White "Nastase, Robert Paul"]
[Black "Saioc, David"]
[Result "1-0"]
[WhiteElo "2229"]
[BlackElo "2014"]
[PlyCount "119"]
[EventDate "2022.12.02"]
[EventType "swiss (rapid)"]
[EventRounds "8"]
[EventCountry "ROU"]
[SourceTitle "CBM 211 Extra"]
[Source "ChessBase"]
[SourceDate "2023.01.31"]
[SourceVersion "1"]
[SourceVersionDate "2023.01.31"]
[SourceQuality "1"]

1. e4 c5 2. Nf3 d6 3. d4 cxd4 4. Nxd4 Nf6 5. Nc3 g6 6. Be3 a6 7. f3 Bg7 8. Qd2 h5 9. Be2 Nbd7 10. a4 b6 11. h3 Bb7 12. 0-0 Rc8 13. Na2 Ne5 14. b3 0-0 15. Nb4 a5 16. Nd3 Nc6 17. Nxc6 Rxc6 18. c4 Nd7 19. Rad1 Nc5 20. Nc1 Rc8 21. Bh6 Qc7 22. g4 hxg4 23. hxg4 Ne6 24. Kf2 Bxh6 25. Qxh6 Qc5+ 26. Qe3 Kg7 27. Nd3 Qxe3+ 28. Kxe3 Nc5 29. Rb1 Nxd3 30. Bxd3 Bc6 31. f4 Rh8 32. Rh1 Rxh1 33. Rxh1 Rh8 34. Rxh8 Kxh8 35. e5 Kg7 36. exd6 exd6 37. Be4 Bd7 38. g5 Kf8 39. Kd4 Be6 40. Bd5 Ke7 41. Be4 Kd7 42. Kc3 Kc7 43. b4 Kd7 44. Bb7 Kc7 45. Ba6 Bd7 46. bxa5 bxa5 47. Bb5 Be6 48. Kd4 Kb6 49. Be8 Kc7 50. c5 d5 51. Ke5 Kd8 52. Bb5 Kc7 53. Kd4 Kb7 54. Kc3 Kc7 55. Kd3 Bf5+ 56. Kd4 Be6 57. Ke5 Kb7 58. Kd6 Kc8 59. c6 d4 60. Ba6+ 1-0

[Event "Braila GP RO Stage 5"]
[Site "Braila"]
[Date "2022.11.05"]
[Round "1"]
[White "Saioc, David"]
[Black "Pultinevicius, Paulius"]
[Result "0-1"]
[WhiteElo "2026"]
[BlackElo "2561"]
[PlyCount "60"]
[EventDate "2022.11.05"]
[EventType "swiss (rapid)"]
[EventRounds "10"]
[EventCountry "ROU"]
[SourceTitle "EXT 2024"]
[Source "ChessBase"]
[SourceDate "2023.10.10"]
[SourceVersion "1"]
[SourceVersionDate "2023.10.10"]
[SourceQuality "1"]

1. Nf3 d5 2. g3 Bf5 3. Bg2 e6 4. 0-0 Nf6 5. d3 h6 6. Nfd2 c6 7. e4 Bh7 8. Qe2 Be7 9. Kh1 a5 10. Nc3 0-0 11. f4 Na6 12. a3 Nc5 13. e5 Nfd7 14. Nf3 Re8 15. Bd2 Bf8 16. Rae1 b5 17. Nd4 Qb6 18. Be3 b4 19. Nd1 bxa3 20. bxa3 a4 21. Nf2 Qc7 22. Ng4 Rab8 23. Bd2 Rb2 24. Rb1 Rxb1 25. Rxb1 Na6 26. Bc1 Rb8 27. Rxb8 Qxb8 28. Ne3 Qb1 29. Qf1 Qa1 30. f5 Qxd4 0-1

[Event "Wch U14"]
[Site "Mamaia"]
[Date "2022.09.16"]
[Round "11"]
[White "Asylov, Miras"]
[Black "Saioc, David"]
[Result "0-1"]
[WhiteElo "2144"]
[BlackElo "1958"]
[PlyCount "74"]
[EventDate "2022.09.06"]
[EventType "swiss"]
[EventRounds "11"]
[EventCountry "ROU"]
[SourceTitle "CBM 210 Extra"]
[Source "ChessBase"]
[SourceDate "2022.11.30"]
[SourceVersion "1"]
[SourceVersionDate "2022.11.30"]
[SourceQuality "1"]

1. e4 c5 2. Nf3 d6 3. d4 cxd4 4. Nxd4 Nf6 5. Nc3 g6 6. Be3 Bg7 7. f3 Nc6 8. Qd2 0-0 9. 0-0-0 Bd7 10. h4 Rc8 11. g4 Qa5 12. Nb3 Qc7 13. Bh6 Ne5 14. Bxg7 Kxg7 15. g5 Nh5 16. f4 Ng4 17. Nd5 Qd8 18. Rg1 Be6 19. Nd4 Qd7 20. Nxe6+ fxe6 21. Nc3 Rxf4 22. Be2 e5 23. Nd5 Rxe4 24. Nxe7 Qxe7 25. Bxg4 Rd8 26. Qd5 Rf4 27. Rg2 Rf7 28. Bxh5 gxh5 29. Rg3 Rf4 30. Rb3 b6 31. Qh1 e4 32. Qh2 Qe5 33. Rb5 d5 34. c4 e3 35. Qe2 Rc8 36. Rbxd5 Rfxc4+ 37. Kb1 Qxd5 0-1

[Event "Wch U14"]
[Site "Mamaia"]
[Date "2022.09.15"]
[Round "10"]
[White "Saioc, David"]
[Black "Akhilbay, Imangali"]
[Result "1/2-1/2"]
[WhiteElo "1958"]
[BlackElo "2213"]
[PlyCount "113"]
[EventDate "2022.09.06"]
[EventType "swiss"]
[EventRounds "11"]
[EventCountry "ROU"]
[SourceTitle "CBM 210 Extra"]
[Source "ChessBase"]
[SourceDate "2022.11.30"]
[SourceVersion "1"]
[SourceVersionDate "2022.11.30"]
[SourceQuality "1"]

1. Nf3 Nf6 2. c4 g6 3. b3 Bg7 4. Bb2 0-0 5. g3 c6 6. Bg2 d5 7. d3 a5 8. Nbd2 Bg4 9. 0-0 Nbd7 10. a3 Qc7 11. Qc2 e5 12. cxd5 Nxd5 13. h3 Bxf3 14. Bxf3 Qd6 15. Ne4 Qe7 16. Nc3 Nc7 17. Rab1 Ne6 18. e3 f5 19. Ne2 g5 20. Bc3 g4 21. Bg2 Ng5 22. Kh2 gxh3 23. Bh1 e4 24. Bxg7 Qxg7 25. dxe4 fxe4 26. Bxe4 Ne5 27. Kh1 Rae8 28. Nf4 Qf6 29. Rbd1 Rd8 30. Rxd8 Rxd8 31. Bf5 Rf8 32. g4 Nef3 33. Rd1 Nh4 34. Qc4+ Kh8 35. Nh5 Qe5 36. Qd4 Qxd4 37. Rxd4 Ngf3 38. Rf4 Rd8 39. Bd3 Ne5 40. Be2 c5 41. Kh2 Nhg6 42. Re4 Rd2 43. Nf4 Nxf4 44. exf4 Nd3 45. Bxd3 Rxd3 46. Re8+ Kg7 47. Re7+ Kg6 48. Rxb7 Rf3 49. Rb6+ Kf7 50. Rb5 Rxf2+ 51. Kxh3 Rxf4 52. Rxc5 a4 53. bxa4 Rxa4 54. Rc3 Kg6 55. Kh4 Ra6 56. Rf3 Ra4 57. Rb3 1/2-1/2

[Event "ROM-ch Rapid"]
[Site "Bucharest"]
[Date "2022.03.11"]
[Round "1"]
[White "Lupulescu, Constantin"]
[Black "Saioc, David"]
[Result "1-0"]
[WhiteElo "2622"]
[BlackElo "1753"]
[PlyCount "71"]
[EventDate "2022.03.11"]
[EventType "swiss (rapid)"]
[EventRounds "9"]
[EventCountry "ROU"]
[SourceTitle "CBM 207 Extra"]
[Source "ChessBase"]
[SourceDate "2022.05.31"]
[SourceVersion "1"]
[SourceVersionDate "2022.05.31"]
[SourceQuality "1"]

1. b3 g6 2. Bb2 Nf6 3. e4 d6 4. Nf3 Bg7 5. Be2 0-0 6. d3 Bg4 7. Nbd2 c5 8. h3 Bxf3 9. Nxf3 Nc6 10. 0-0 Qb6 11. c3 Qc7 12. Re1 d5 13. Bf1 e5 14. Qc2 d4 15. b4 dxc3 16. Bxc3 cxb4 17. Bxe5 Qd7 18. Bb2 Rac8 19. Qb3 Rfe8 20. Rac1 a5 21. e5 Nd5 22. d4 Nce7 23. a4 bxa3 24. Bxa3 Nc7 25. Qxb7 Ned5 26. Bd6 Rb8 27. Qc6 Qxc6 28. Rxc6 Ne6 29. Bxb8 Rxb8 30. Rec1 Rb4 31. Rc8+ Bf8 32. Bc4 Nb6 33. Bxe6 fxe6 34. Rb8 Nd5 35. Ra8 Nb6 36. Rxa5 1-0

[Event "Targu Mures op"]
[Site "Targu Mures"]
[Date "2021.07.23"]
[Round "4"]
[White "Saioc, David"]
[Black "Voiteanu, Christian Gabriel"]
[Result "0-1"]
[WhiteElo "1850"]
[BlackElo "2111"]
[PlyCount "99"]
[EventDate "2021.07.21"]
[EventType "swiss"]
[EventRounds "7"]
[EventCountry "ROU"]
[SourceTitle "CBM 203 Extra"]
[Source "ChessBase"]
[SourceDate "2021.09.30"]
[SourceVersion "1"]
[SourceVersionDate "2021.09.30"]
[SourceQuality "1"]

1. Nf3 d5 2. g3 c5 3. Bg2 Nc6 4. d4 cxd4 5. Nxd4 e5 6. Nxc6 bxc6 7. c4 Bb4+ 8. Nc3 Ne7 9. 0-0 dxc4 10. Qa4 a5 11. Nd5 Rb8 12. Nxe7 Kxe7 13. a3 Bc5 14. Qxc4 Qb6 15. Bd2 Be6 16. Qc2 Bd4 17. Bc3 Qc5 18. Qd2 Bxc3 19. Qg5+ f6 20. Qxg7+ Bf7 21. bxc3 h5 22. Rab1 h4 23. Rfd1 Qa7 24. Bxc6 hxg3 25. hxg3 Rbg8 26. Qxg8 Rxg8 27. Rb7+ Qxb7 28. Bxb7 Bc4 29. Bd5 Rd8 30. e4 Be2 31. Re1 Bg4 32. f4 Rb8 33. fxe5 fxe5 34. Rf1 Rb2 35. Rf7+ Kd6 36. Ra7 Rc2 37. Rxa5 Rxc3 38. Kf2 Rf3+ 39. Kg2 Rc3 40. Ra6+ Kc7 41. a4 Rc2+ 42. Kg1 Rd2 43. Ra5 Kd6 44. Kf1 Rc2 45. Kg1 Kc7 46. Ra6 Bf3 47. a5 Rg2+ 48. Kf1 Rxg3 49. Kf2 Rh3 50. Kg1 0-1

[Event "ROM-ch U14"]
[Site "Mamaia"]
[Date "2021.04.12"]
[Round "8"]
[White "Saioc, David"]
[Black "Butolo, Alexandru Mircea"]
[Result "1/2-1/2"]
[WhiteElo "1878"]
[BlackElo "1749"]
[PlyCount "69"]
[EventDate "2021.04.07"]
[EventType "swiss"]
[EventRounds "9"]
[EventCountry "ROU"]
[SourceTitle "EXT 2022"]
[Source "ChessBase"]
[SourceDate "2021.10.06"]
[SourceVersion "1"]
[SourceVersionDate "2021.10.06"]
[SourceQuality "1"]

1. Nf3 c5 2. c4 g6 3. g3 Bg7 4. Bg2 Nc6 5. 0-0 e5 6. d3 Nge7 7. Nc3 0-0 8. Ng5 d6 9. f4 h6 10. Nf3 f5 11. Bd2 Be6 12. Rc1 Bf7 13. Ne1 Rb8 14. Qa4 a6 15. a3 Nd4 16. e3 b5 17. Qd1 Ndc6 18. b3 bxc4 19. dxc4 e4 20. Na4 Qc8 21. Bc3 Rd8 22. Bxg7 Kxg7 23. Qc2 Kh7 24. Rf2 Na5 25. Rb1 Qc6 26. Nc3 d5 27. cxd5 Nxd5 28. Nxd5 Qxd5 29. b4 Nc4 30. Qc3 cxb4 31. axb4 Rbc8 32. Ra1 Be8 33. Rxa6 Bb5 34. Ra7+ Rd7 35. Rfa2 1/2-1/2

[Event "ROM-ch U14"]
[Site "Mamaia"]
[Date "2021.04.11"]
[Round "6"]
[White "Saioc, David"]
[Black "Sachilaru, Alexandru"]
[Result "0-1"]
[WhiteElo "1878"]
[BlackElo "1917"]
[PlyCount "65"]
[EventDate "2021.04.07"]
[EventType "swiss"]
[EventRounds "9"]
[EventCountry "ROU"]
[SourceTitle "EXT 2022"]
[Source "ChessBase"]
[SourceDate "2021.10.06"]
[SourceVersion "1"]
[SourceVersionDate "2021.10.06"]
[SourceQuality "1"]

1. Nf3 Nf6 2. g3 g6 3. Bg2 Bg7 4. 0-0 0-0 5. d4 d6 6. b3 Nc6 7. Bb2 e5 8. d5 Ne7 9. c4 Nd7 10. e4 f5 11. Nc3 h6 12. b4 f4 13. Ne2 g5 14. gxf4 gxf4 15. Nd2 Ng6 16. f3 Nf6 17. Kf2 Nh5 18. Rh1 Nh4 19. Bf1 c6 20. Qb3 cxd5 21. cxd5 Ng6 22. Ke1 Qh4+ 23. Kd1 Qf2 24. Kc2 Bd7 25. Nc3 Nh4 26. Be2 Rac8 27. Rae1 Ng2 28. Kd1 Nxe1 29. Rxe1 Qxh2 30. Nc4 Rf6 31. b5 Ng3 32. Nb1 Rg6 33. Qd3 0-1

[Event "Arad op 13th"]
[Site "Arad"]
[Date "2020.09.29"]
[Round "6"]
[White "Lehaci, Miruna Daria"]
[Black "Saioc, David"]
[Result "1-0"]
[WhiteElo "2223"]
[BlackElo "1898"]
[PlyCount "127"]
[EventDate "2020.09.25"]
[EventType "swiss"]
[EventRounds "9"]
[EventCountry "ROU"]
[SourceTitle "CBM 198 Extra"]
[Source "ChessBase"]
[SourceDate "2020.11.30"]
[SourceVersion "1"]
[SourceVersionDate "2020.11.30"]
[SourceQuality "1"]

1. e4 e5 2. Nf3 Nf6 3. Nxe5 d6 4. Nf3 Nxe4 5. d4 d5 6. Bd3 Bd6 7. 0-0 0-0 8. c4 c6 9. Nc3 Nxc3 10. bxc3 dxc4 11. Bxc4 Bg4 12. Be2 Re8 13. Re1 Nd7 14. a3 c5 15. Bb2 Qc7 16. h3 Bh5 17. Qd3 Rad8 18. Bf1 Be7 19. c4 Bf6 20. Rxe8+ Rxe8 21. Rd1 Rd8 22. g4 Bg6 23. Qe3 h6 24. Re1 Nf8 25. Ba1 cxd4 26. Bxd4 Bxd4 27. Nxd4 a6 28. Nf3 Ne6 29. Ne5 Nf8 30. Nxg6 Nxg6 31. c5 Nf8 32. Bc4 Ng6 33. Ba2 Rc8 34. Qf3 Ne5 35. Qf5 Re8 36. Bxf7+ Qxf7 37. Rxe5 Rxe5 38. Qxe5 Qf3 39. Qe3 Qd1+ 40. Kh2 Qd5 41. h4 Qc6 42. g5 h5 43. Qe5 g6 44. Qb8+ Kg7 45. Qe5+ Kg8 46. Kg3 Kh7 47. f3 Kg8 48. Qd4 Qc7+ 49. Kg2 Qc6 50. a4 Kh7 51. a5 Kg8 52. Qe5 Kf7 53. Kg3 Qe6 54. Qxe6+ Kxe6 55. f4 Kd5 56. f5 gxf5 57. Kf4 Ke6 58. g6 Kf6 59. g7 Kxg7 60. Kxf5 Kf7 61. Kg5 Ke6 62. Kxh5 Kf5 63. Kh6 Kf6 64. h5 1-0

[Event "Romania blitz online op final"]
[Site "Chess.com INT"]
[Date "2020.05.06"]
[Round "7"]
[White "Ciolacu, Alessia Mihaela"]
[Black "Saioc, David"]
[Result "1-0"]
[WhiteElo "2052"]
[BlackElo "1840"]
[PlyCount "73"]
[EventDate "2020.05.06"]
[EventType "swiss (blitz)"]
[EventRounds "9"]
[EventCountry "ROU"]
[SourceTitle "CBM 196 Extra"]
[Source "ChessBase"]
[SourceDate "2020.07.31"]
[SourceVersion "1"]
[SourceVersionDate "2020.07.31"]
[SourceQuality "1"]

1. d4 Nf6 2. c4 e6 3. Nf3 c5 4. d5 exd5 5. cxd5 d6 6. Nc3 g6 7. e4 Bg7 8. Bd3 0-0 9. h3 b5 10. 0-0 a6 11. Bf4 Re8 12. a4 b4 13. Nb1 Qc7 14. Nbd2 Nh5 15. Bh2 Nd7 16. Nc4 Ne5 17. Nfxe5 dxe5 18. Rc1 Nf4 19. Ne3 Nxd3 20. Qxd3 Rd8 21. Qc4 Bf8 22. Qxb4 f5 23. exf5 gxf5 24. Qh4 Be7 25. Qc4 f4 26. d6+ Kh8 27. dxc7 Rg8 28. Ng4 Bxg4 29. hxg4 Rxg4 30. Qe6 Rag8 31. Qxg4 Rxg4 32. c8Q+ Rg8 33. Qe6 Bh4 34. Qxe5+ Rg7 35. Rfd1 h6 36. Rd8+ Kh7 37. Bxf4 1-0

[Event "Romania blitz online op final"]
[Site "Chess.com INT"]
[Date "2020.05.06"]
[Round "2"]
[White "Craciun, Sasha Matei"]
[Black "Saioc, David"]
[Result "1-0"]
[WhiteElo "1600"]
[BlackElo "1840"]
[PlyCount "51"]
[EventDate "2020.05.06"]
[EventType "swiss (blitz)"]
[EventRounds "9"]
[EventCountry "ROU"]
[SourceTitle "CBM 196 Extra"]
[Source "ChessBase"]
[SourceDate "2020.07.31"]
[SourceVersion "1"]
[SourceVersionDate "2020.07.31"]
[SourceQuality "1"]

1. e4 c5 2. Nf3 d6 3. d4 cxd4 4. Nxd4 Nf6 5. Nc3 g6 6. Be3 Bg7 7. f3 Nc6 8. Qd2 0-0 9. Bc4 Bd7 10. 0-0-0 Rb8 11. h4 Ne5 12. Bb3 b5 13. h5 a5 14. hxg6 a4 15. Bxf7+ Nxf7 16. gxf7+ Rxf7 17. Nd5 Nxd5 18. exd5 b4 19. Ne6 Bxe6 20. dxe6 Rf6 21. Bd4 Rxe6 22. Bxg7 Kxg7 23. Qd4+ Rf6 24. g4 e5 25. Qa7+ Rf7 26. Rxh7+ 1-0

[Event "Romania blitz online op final"]
[Site "Chess.com INT"]
[Date "2020.05.06"]
[Round "9"]
[White "Magold, Filip"]
[Black "Saioc, David"]
[Result "1-0"]
[WhiteElo "2043"]
[BlackElo "1840"]
[PlyCount "59"]
[EventDate "2020.05.06"]
[EventType "swiss (blitz)"]
[EventRounds "9"]
[EventCountry "ROU"]
[SourceTitle "CBM 196 Extra"]
[Source "ChessBase"]
[SourceDate "2020.07.31"]
[SourceVersion "1"]
[SourceVersionDate "2020.07.31"]
[SourceQuality "1"]

1. e4 c5 2. Nf3 d6 3. d4 cxd4 4. Nxd4 Nf6 5. Nc3 g6 6. Be3 Bg7 7. f3 Nc6 8. Qd2 0-0 9. 0-0-0 Bd7 10. g4 Ne5 11. h4 a6 12. h5 b5 13. hxg6 fxg6 14. Be2 Nc4 15. Bxc4+ bxc4 16. g5 Ne8 17. f4 Rf7 18. Rdf1 Nc7 19. f5 gxf5 20. exf5 Nb5 21. g6 hxg6 22. fxg6 Rxf1+ 23. Rxf1 Nxc3 24. Qxc3 Qc7 25. Rf7 Be5 26. Qe1 Qb7 27. Qh4 Qh1+ 28. Qxh1 Bh2 29. Qxa8+ Bc8 30. Qxc8# 1-0

[Event "ROM-ch U10"]
[Site "Calimanesti"]
[Date "2018.04.02"]
[Round "8"]
[White "Radu, David Cr"]
[Black "Saioc, David"]
[Result "1-0"]
[WhiteElo "1427"]
[BlackElo "1266"]
[PlyCount "117"]
[EventDate "2018.03.27"]
[EventType "swiss"]
[EventRounds "9"]
[EventCountry "ROU"]
[SourceTitle "CBM 183 Extra"]
[Source "ChessBase"]
[SourceDate "2018.04.19"]
[SourceVersion "1"]
[SourceVersionDate "2018.04.19"]
[SourceQuality "1"]

1. e4 e6 2. d4 d5 3. Nc3 dxe4 4. Nxe4 Bd7 5. Nf3 Bc6 6. Bd3 Nd7 7. 0-0 h6 8. Be3 Ngf6 9. Nc3 b6 10. Re1 a6 11. Bf4 g5 12. Bg3 Nh5 13. d5 Nxg3 14. dxc6 Nc5 15. hxg3 h5 16. Ne5 h4 17. Qf3 Qe7 18. Bf1 a5 19. Nb5 hxg3 20. fxg3 Rh7 21. Nd7 Rh6 22. Nxc7+ Kd8 23. Nxa8 Nxd7 24. c7+ Ke8 25. c8Q+ Qd8 26. Qxd8+ Kxd8 27. Bb5 Bc5+ 28. Re3 Ne5 29. Qe2 Ng4 30. Qd3+ Ke7 31. Qd7+ Kf8 32. Qd8+ Kg7 33. Qxg5+ Rg6 34. Qxc5 bxc5 35. Ree1 e5 36. Bd7 Nf6 37. Bf5 Rxg3 38. Rxe5 Rg5 39. Rae1 Rh5 40. Nc7 Rh4 41. Ne8+ Nxe8 42. Rxe8 Rb4 43. b3 c4 44. R1e4 cxb3 45. Rxb4 axb4 46. axb3 Kf6 47. Bd3 Kg5 48. Kf2 f6 49. Kf3 f5 50. Re5 Kf6 51. Rxf5+ Ke6 52. g4 Ke7 53. g5 Ke6 54. g6 Ke7 55. g7 Kd6 56. g8Q Ke7 57. Qd5 Ke8 58. Bb5+ Ke7 59. Rf7# 1-0

[Event "ROM-ch U10"]
[Site "Calimanesti"]
[Date "2018.03.30"]
[Round "5"]
[White "Saioc, David"]
[Black "Anghel, Rares Mihai"]
[Result "1-0"]
[WhiteElo "1266"]
[BlackElo "1331"]
[PlyCount "44"]
[EventDate "2018.03.27"]
[EventType "swiss"]
[EventRounds "9"]
[EventCountry "ROU"]
[SourceTitle "CBM 183 Extra"]
[Source "ChessBase"]
[SourceDate "2018.04.19"]
[SourceVersion "1"]
[SourceVersionDate "2018.04.19"]
[SourceQuality "1"]

1. e4 d5 2. exd5 Nf6 3. c4 c6 4. dxc6 Nxc6 5. Nc3 Bf5 6. d3 e6 7. Nf3 Bc5 8. Be3 Nd4 9. Qa4+ Nd7 10. Bxd4 Bxd4 11. Nxd4 0-0 12. Nxf5 exf5 13. 0-0-0 Nf6 14. Qb5 Qc8 15. Be2 a6 16. Qe5 Re8 17. Qf4 b5 18. Bf3 Rb8 19. Rhe1 b4 20. Nd5 Nxd5 21. Rxe8+ Qxe8 22. cxd5 a5 1-0

[Event "ROM-ch U10"]
[Site "Calimanesti"]
[Date "2018.03.29"]
[Round "4"]
[White "Covrig, Raul Alexandru"]
[Black "Saioc, David"]
[Result "0-1"]
[WhiteElo "1125"]
[BlackElo "1266"]
[PlyCount "61"]
[EventDate "2018.03.27"]
[EventType "swiss"]
[EventRounds "9"]
[EventCountry "ROU"]
[SourceTitle "CBM 183 Extra"]
[Source "ChessBase"]
[SourceDate "2018.04.19"]
[SourceVersion "1"]
[SourceVersionDate "2018.04.19"]
[SourceQuality "1"]

1. e4 e6 2. d4 d5 3. Bd3 c5 4. Nc3 cxd4 5. Bb5+ Bd7 6. Bxd7+ Qxd7 7. Qxd4 Nc6 8. Qd1 d4 9. Nce2 Bc5 10. Bf4 Nf6 11. e5 Ng4 12. Nf3 d3 13. Qxd3 Qxd3 14. cxd3 Nxf2 15. Rf1 Nxd3+ 16. Kd2 Nxb2 17. Rab1 Na4 18. Rxb7 0-0-0+ 19. Ke1 Kxb7 20. Bd2 Nb2 21. Ng5 Nxe5 22. Rf4 Ned3+ 23. Kf1 Nxf4 24. Be1 Nxe2 25. Kxe2 Rd7 26. Bc3 Bd4 27. Bxd4 Rxd4 28. Nxf7 Rf8 29. Ng5 h6 30. Nf3 Rxf3 31. Kxf3 0-1

[Event "ROM-ch U10"]
[Site "Calimanesti"]
[Date "2018.03.28"]
[Round "2"]
[White "Magold, Filip"]
[Black "Saioc, David"]
[Result "1-0"]
[WhiteElo "1691"]
[BlackElo "1266"]
[PlyCount "64"]
[EventDate "2018.03.27"]
[EventType "swiss"]
[EventRounds "9"]
[EventCountry "ROU"]
[SourceTitle "CBM 183 Extra"]
[Source "ChessBase"]
[SourceDate "2018.04.19"]
[SourceVersion "1"]
[SourceVersionDate "2018.04.19"]
[SourceQuality "1"]

1. e4 e6 2. Nf3 d5 3. exd5 exd5 4. d4 Nf6 5. Bd3 Be7 6. 0-0 0-0 7. h3 Nc6 8. c3 Be6 9. Nbd2 Qd7 10. Re1 g6 11. Nb3 Bf5 12. Bb5 Bd6 13. Ne5 Bxe5 14. dxe5 Ne8 15. Nc5 Qc8 16. Qxd5 Be6 17. Qf3 f6 18. Bxc6 bxc6 19. Qxc6 Bf5 20. e6 g5 21. Qd5 Nd6 22. Nd7 Kg7 23. Nxf8 Qxf8 24. e7 Qe8 25. b3 Bg6 26. Bb2 Nf5 27. c4 h5 28. Rad1 Bh7 29. Qe6 Qf7 30. e8Q Rxe8 31. Qxe8 Qxe8 32. Rxe8 Kf7 1-0